Alótropos / (Registro nro. 14111)
[ vista simple ]
| 000 -LIDER | |
|---|---|
| fixed length control field | 00419nam a22001697a 4500 |
| 003 - IDENTIFICACDOR DE NÚMERO DE CONTROL | |
| control field | DO-SdBPM |
| 005 - DATE AND TIME OF LATEST TRANSACTION | |
| control field | 20251028120610.0 |
| 007 - CAMPOS FIJOS DE DESCRIPCIÓN FÍSICA | |
| fixed length control field | ta |
| 008 - ELEMENTOS DE LONGITUD FIJA | |
| fixed length control field | 220324b1989 dr ||| |||| 00| 0 spa d |
| 040 ## - FUENTE DE CATALOGACIÓN | |
| Agencia que crea de manera original el registro | BPMSU |
| Agencia que realiza la transcripción | BPMSU |
| 082 ## - NÚMERO DE CLASIFICACIÓN DECIMAL DE DEWEY | |
| Item number | H557a 1989 |
| 100 ## - ASIENTO PRINCIPAL -- NOMBRE PERSONAL | |
| Nombre personal | Hernández, Angela |
| Fechas asociadas con el nombre | 1954- |
| 245 ## - MENCIÓN DE TITULO | |
| Título | Alótropos / |
| Mención de responsabilidad | Angela Hernéndez |
| 260 ## - PUBLICACIÓN, DISTRIBUCIÓN, ETC. (PIE DE IMPRENTA) | |
| Lugar de publicación, distribución, etc | Santo Domingo: |
| Nombre del editor, distribuidor, etc. | alas ; |
| Fecha de publicación, distribución, etc | 1989 |
| 300 ## - DESCRIPCIÓN FÍSICA | |
| Extensión | 129 p; |
| Dimensiones | 22 cm |
| 942 ## - ADDED ENTRY ELEMENTS (KOHA) | |
| Source of classification or shelving scheme | Dewey Decimal Classification |
| Koha item type | Libros |
| Withdrawn status | Lost status | Source of classification or shelving scheme | Damaged status | Not for loan | Home library | Current library | Date acquired | Total Checkouts | Full call number | Date last seen | Price effective from | Koha item type |
|---|---|---|---|---|---|---|---|---|---|---|---|---|
| Dewey Decimal Classification | Biblioteca Pública Metropolitana Salomé Ureña | Biblioteca Pública Metropolitana Salomé Ureña | 03/24/2022 | H557a 1989 | 03/24/2022 | 03/24/2022 | Libros |